00536 2200205 4500001002100000005001500021035002000036007000300056008004100059020001500100082001000115084001600125100001800141245006900159250001000228260004000238300003400278990000900312990000900321INLIS00000000001185720220615012845 a0010-0622000367ta220615 g 0 ind  a9793357614 a639.5 a639.5 KHA b0 aKHAIRUL, Amri1 aBudi Daya Udang Windu Secara Intensif /cIr. Khairul Amri, M. Si aCet.1 aJakarta :bAgromedia Pustaka,c2003 ax, 98 hlm :b.ilus ;c23,5 cm a322A a322b